| 000 | 00850cab a2200205 4500 | ||
|---|---|---|---|
| 001 | ABS43593 | ||
| 008 | 090401t1990 xxu||||| |||| 00| 0 eng d | ||
| 035 | _a(Sirsi) u42474 | ||
| 041 | _aeng | ||
| 100 | _aHolliday, I. | ||
| 245 | _aChannel Tunnel and regional development: policy responses in Britain and France | ||
| 260 | _c1990 | ||
| 350 | _a0 | ||
| 490 |
_aRegional Studies _v24(5) October 1990, 455-466(12) |
||
| 520 | _aExamines the regional effects of the Channel Tunnel in England and France . Analyses the policy responses in both countries to evaluate their regional development implications and assesses the ability of political and administrative systems to handle a project of this magnitude. Extensive bibliography. | ||
| 690 | _aTRANSPORT AND COMMUNICATIONS | ||
| 700 | _aVickerman, R. | ||
| 942 | _n0 | ||
| 948 | _c04/03/1997 | ||
| 999 |
_c27206 _d27206 |
||